000 00319nam a22001217a 4500
008 180206b xxu||||| |||| 00| 0 eng d
041 _aeng
080 _a331.101.262
100 _a52
101 _aBNJ
245 _aMaking organizations humane and productive: a handbook for practitioners
_cMeltzer,H
942 _2udc
_cBK
999 _c41937
_d41937